Normal view
MARC view
- Educational site
Entry Topical Term
001 - CONTROL NUMBER
- control field: 6050
003 - CONTROL NUMBER IDENTIFIER
- control field: JO-AjAnu
005 - DATE AND TIME OF LATEST TRANSACTION
- control field: 20230606071301.0
008 - FIXED-LENGTH DATA ELEMENTS
- fixed length control field: 230606|| aca||aabn | a|a d
040 ## - CATALOGING SOURCE
- Original cataloging agency: JO-AjAnu
- Transcribing agency: JO-AjAnu
150 ## - HEADING--TOPICAL TERM
- Topical term or geographic name entry element: Educational site
670 ## - SOURCE DATA FOUND
- Source citation: Work cat.: (JO-AjAnu)3135: preparation عبدالله مصباح عبد القادر حمد,عبدالله عبد السلام بني حمدان،محمد حسان محمد المومني , Supervisor غازي الشقاح , author 6049, Educational site for children autism and delayed linguistic therapy